LDR 01012naa#a2200169#i#450# 001 RU\INFRA-M\bibl\93744 005 20260417183931.5 011 ## _a2587-6279 100 ## _a20250328b2025####ek#y0rusy0150####ca 102 ## _aRU 200 1# _aМеханизмы управления проектами цифровой трансформации предприятия на основе концепции Индустрии 4.0. _eЖурнальная статья 210 1# _aМосква _cОбщество с ограниченной ответственностью «Научно-издательский центр ИНФРА-М» _d2025 215 ## _a7 с. 608 ## _aЖурнальная статья _2local 675 ## _aЭкономика. Народное хозяйство. Экономические науки. 33 _aУправление предприятиями. Организация производства, торговли и транспорта. 65 _z 700 #1 _aТашкинов _gА. Г. 856 4# _azh-szf.ru _u